000 01802cam a22004454i 4500
003 PE-LiUPU
005 20250731172905.0
008 s txt rb 000 0 eng d
020 _a0802873057
020 _a9780802873057
035 _a(Sirsi) a166424
040 _aPE-LiUPU
_bspa
_cPE-LiUPU
_erda
049 _aPRUA
082 0 4 _a230.092
_bI59
_223
100 1 _aInsole, Christopher J.,
_eautor.
245 1 2 _aThe intolerable God :
_bKant's theological journey /
_cChristopher J. Insole.
264 _aGrand Rapids, Michighan;CAmbridge, U.K. :
_bEerdmans Publishing Company,
_c2016.
300 _a176 páginas ;
_c24 centimetros.
336 _atext
_2rdacontent
337 _aunmediated
_2rdamedia
338 _avolume
_2rdacarrier
504 _aBibliografía : páginas 157-165.
505 0 4 _a1. Introduction -- 2. "I Am from Eternity to Eternity":God in Kant´s Early Thought -- 3. "Whence Then Am I?":God in Kant´s Later Thought -- 4. Kant´s "Only Unsolvable Metaphysical Difficulty": Created Freedom -- 5. Creating Freedom: Kant´s Theological Solution -- 6. Interpreting Kant: Three Objetions -- 7. The Dancer and the Dance: Divine Action, Human Freedom -- 8. Becoming Divine: Autonomy and the Beatific Vision.
526 _aSEG42
526 _aSEG41
526 _aSEG40
526 _aSEG39
526 _aP94
526 _aP87
526 _aP86
526 _aP85
526 _aP77
526 _aP76
526 _aP35
650 0 4 _aReligión
_95128
596 _a1
942 _2ddc
_cBOOK
999 _a230.092 I59
_wLC
_c15164
_i75559
_f2021-11-9
_g4
_lCCODEBUL1
_mBUL
_p25.00
_r0
_sY
_tBOOK
_u2017-1-24
_xTEOLOGIA
_PP85
_0COMPRA
_o.STAFF. Colección Teologia
_d15164
980 _81
_gALBERTO SANCHEZ Responsable de Automatización